Siderometalurgia (Record no. 3673)

MARC details
000 -LEADER
campo de control de longitud fija 01140nam a2200193 i 4500
001 - NÚMERO DE CONTROL
campo de control 3673
003 - IDENTIFICADOR DE NÚMERO DE CONTROL
campo de control ES-MaACL
005 - FECHA Y HORA DE LA ÚLTIMA TRANSACCIÓN
campo de control 20250902073145.0
008 - DATOS DE LONGITUD FIJA--INFORMACIÓN GENERAL
campo de control de longitud fija 200220s1967 sp |||| | spa d
245 00 - MENCIÓN DEL TÍTULO
Título Siderometalurgia
Resto del título : Reglamentación nacional de trabajo en la industria siderometalúrgica... en la industria metalgráfica y de construcción de envases métalicos.- Normas de óptica y mecánica de precisión..., de tendido de líneas de conducción de energía eléctrica y electrificación de ferrocarriles y trolebuses.- Modificaciones y aclaraciones al día.- Convenios colectivos sindicales.- Decretos 2419 y 2946/66 y normas para su aplicación.- Estatutos de las Mutualidades Laborales.
260 ## - PUBLICACIÓN, DISTRIBUCIÓN, ETC.
Lugar de publicación, distribución, etc. Madrid :
Nombre del editor, distribuidor, etc. García Enciso,
Fecha de publicación, distribución, etc. 1967.
300 ## - DESCRIPCIÓN FÍSICA
Extensión 366 p. ;
Dimensiones 15 cm.
490 1# - MENCIÓN DE SERIE
Mención de serie Colección "García Enciso"
650 #4 - PUNTO DE ACCESO ADICIONAL DE MATERIA--TÉRMINO DE MATERIA
Término de materia o nombre geográfico como elemento de entrada Trabajadores de la industria siderúrgica-
Subdivisión general Estatuto jurídico-
Subdivisión geográfica España.
9 (RLIN) 165906
650 #4 - PUNTO DE ACCESO ADICIONAL DE MATERIA--TÉRMINO DE MATERIA
Término de materia o nombre geográfico como elemento de entrada Trabajadores de la industria metalúrgica-
Subdivisión general Estatuto jurídico-
Subdivisión geográfica España.
9 (RLIN) 169620
830 00 - PUNTO DE ACCESO ADICIONAL DE SERIE-TÍTULO UNIFORME
Título uniforme Colección "García Enciso"
9 (RLIN) 176884
852 ## - LOCALIZACIÓN
Ubicación ES-MaACL
Número de control de estantería P-1332-19
Holdings
Estatus retirado Estado de pérdida Estado de daño No para préstamo Biblioteca de origen Biblioteca actual Ubicación en estantería Fecha de adquisición Fuente de adquisición Total de préstamos Signatura topográfica completa Código de barras Visto por última vez Precio de reemplazo Tipo de ítem Koha
        Biblioteca del Ateneo de Madrid Biblioteca del Ateneo de Madrid Depósito 2 10/05/2005     P-1332-19 1201572 23/02/2023 23/02/2023 Libro impreso